000
00331nam a2200133Ia 4500
008
220204s9999 xx 000 0 und d
082
_a
330.34
_b
KIN
100
_a
KINDLEBERGER, Charles P
245
0
_a
Economic development
250
_a
Ed.2
260
_a
Tokyo
_b
McGraw Hill
_c
1965
650
_a
Economic development
942
_c
BK
999
_c
23669
_d
23669